000 00829nam a2200253 a 4500
003 CO-ViMGA
005 20230915223802.0
008 130313s2013 ck a gr 00010 spa d
020 _a9789584540713
040 _aCO-ViMGA
_bspa
_cCO-ViMGA
043 _as-ck---
082 0 4 _aI863.6
_bA53p3
_219
100 1 _aAndújar Córdoba, Carolina.
_910963
245 1 0 _aLa princesa y el mago sombrío /
_cCarolina Andújar ; ilustradora Amalia Low.
260 _aBogotá :
_bCarvajal Educación,
_c2013.
300 _a48 p. :
_bil. ;
_c28 cm.
490 0 _aFuera de serie
650 4 _aCuentos de hadas.
_92061
650 4 _aCuentos infantiles colombianos.
_910964
650 4 _aMagos
_v Cuentos infantiles.
_92577
650 4 _aPrincesas
_v Cuentos infantiles.
_98190
700 1 _aLow, Amalia,
_eil.
_910965
942 _2ddc
_cBK
999 _c10418
_d10418